Outkast Charting Songs (Billboard Hot 100) - Statistics

General Stats
  • This quiz has been taken 146 times
  • The average score is 7 of 19
Answer Stats
Album Weeks On Peak Artist(s) Song % Correct
Speakerboxxx/The Love Below 32 Weeks #1 (9 Weeks) OutKast Hey Ya!
97%
Stankonia 23 Weeks #1 (1 Week) OutKast Ms. Jackson
90%
Speakerboxxx/The Love Below 21 Weeks #9 OutKast Roses
72%
Speakerboxxx/The Love Below 39 Weeks #1 (1 Week) OutKast ft. Sleepy Brown The Way You Move
70%
ATLiens 17 Weeks #35 OutKast ATLiens
63%
Aquemini 17 Weeks #55 OutKast Rosa Parks
57%
Stankonia 20 Weeks #30 OutKast So Fresh, So Clean
57%
ATLiens 20 Weeks #12 OutKast Elevators (Me & You)
48%
Southernplayalisticadillacmuzik 20 Weeks #37 OutKast Player's Ball
37%
Southernplayalisticadillacmuzik 10 Weeks #74 OutKast Southernplayalisticadillacmuzik
35%
Big Boi and Dre Present... OutKast 20 Weeks #19 OutKast ft. Killer Mike The Whole World
26%
ATLiens 14 Weeks #52 OutKast Jazzy Belle
23%
Underground Kingz 9 Weeks #70 OutKast Int'l Players Anthem (I Choose You)
16%
Idlewild 2 Weeks #77 OutKast Mighty "O"
15%
Idlewild 1 Week #100 OutKast Idlewild Blue (Don'tchu Worry 'Bout Me)
10%
Idlewild 1 Week #95 OutKast ft. Scar & Sleepy Brown Morris Brown
10%
Still Standing 15 Weeks #50 Goodie Mob ft. OutKast Black Ice (Sky High)
9%
Barbershop 2: Back in Business 13 Weeks #40 Sleepy Brown ft. OutKast I Can't Wait
7%
East Point's Greatest Hits 10 Weeks #73 Cool Breeze ft. OutKast, Goodie Mob & Witchdoctor Watch for the Hook
7%
No matching quizzes found
Score Distribution
Percent of People with Each Score
Percentile by Number Answered
Your Score History
You have not taken this quiz